000 01544cam a2200361 i 4500
001 31219
003 Mx-PuUPA
005 20260305130204.0
008 140415s2009 mx ad gr 000 0 spa d
020 _a9789701070277
040 _aMx-PuUPA
_bspa
_cMx-PuUPA
_dMx-PuUPA
_erda
041 1 _aspa
_heng
100 1 _aJacobs, F. Robert,
_eautor
_9101
240 1 0 _aOperations and supply management.
_lEspañol
245 1 0 _aAdministración de operaciones :
_bproducción y cadena de suministros /
_cRichard B. Chase, F. Robert Jacobs, Nicholas J. Aquilano ; traductores, Pilar Mascaraó Sacristán [y otro]
250 _aDuodécima edición
264 1 _aMéxico, D. F. :
_bMcGraw-Hill/Interamericana Editores,
_c©2009
300 _axx, 776 Páginas :
_bilustraciones, gráficas, diagramas, tablas,
_c27 cm
336 _2rdaconten
_atexto
_btxt
337 _2rdamedia
_asin medio
_bn
338 _avolumen
_2rdacarrier
_bnc
650 7 _2armarc
_aAdministración de la producción
650 7 _2armarc
_aControl de la producción
650 7 _2armarc
_aAdministración de empresas
650 7 _2armarc
_aPlanificación estratégica
700 1 _aChase, Richard B.,
_eautor
700 1 _aAquilano, Nicholas J.,
_eautor
700 1 _aMascaraó Sacristán, Pilar,
_etraductor
765 0 _aJacobs, F. Robert,
_d[Lugar de publicación no identificado] : The McGraw-Hill Companies, ©2009
_tOperations and supply management.
_z0077228936
942 _2ddc
_cLI
_h658.5
_iJ1218
999 _c31219
_d31219